000 01134pam a2200301 a 4500
001 634415
003 ARRUPE
005 20140203130515.0
008 930211s1993 miua b 010 0 eng
010 _a 93018528
020 _a0879076410
040 _aDLC
_cDLC
_dDLC
050 0 0 _aBX3402.2
_b.S786 1993
082 0 0 _a271/.12
_220
245 0 0 _aStudiosorum speculum :
_bstudies in honor of Louis J. Lekai, O. Cist. /
_cedited by Francis R. Swietek and John R. Sommerfeldt.
260 _aKalamazoo, Mich. :
_bCistercian Publications,
_c1993.
300 _a432 p. :
_bill. ;
_c23 cm.
440 0 _aCistercian studies series ;
_vno. 141
_97708
504 _aIncludes bibliographical references.
610 2 0 _aCistercians.
_97709
650 0 _aMonasticism and religious orders.
_97710
700 1 _aLekai, Louis Julius,
_d1916-
_97711
700 1 _aSwietek, Francis R.
_97712
700 1 _aSommerfeldt, John R.
_97713
906 _a7
_bcbc
_corignew
_d1
_eocip
_f19
_gy-gencatlg
942 _2lcc
_cMONOGRAPH
999 _c119881
_d119881